000 02651nam a2200265 4500
003 NALT
005 20251223105100.0
008 250903b th ||||| |||| 00| 0 tha d
020 _a9786163168054
040 _aNALT
086 _aทส 08 1.1 2567
110 2 _aกระทรวงทรัพยากรธรรมชาติและสิ่งแวดล้อม.
_bกรมการเปลี่ยนแปลงสภาพภูมิอากาศและสิ่งแวดล้อม
_964204
245 1 0 _aรายงานประจำปี 2567 กรมการเปลี่ยนแปลงสภาพภูมิอากาศและสิ่งแวดล้อม =
_bAnnual report 2024 Department of Climate Change and Environment /
_cกรมการเปลี่ยนแปลงสภาพภูมิอากาศและสิ่งแวดล้อม กระทรวงทรัพยากรธรรมชาติและสิ่งแวดล้อม.
260 _aกรุงเทพฯ :
_bกรมการเปลี่ยนแปลงสภาพภูมิอากาศและสิ่งแวดล้อม กระทรวงทรัพยากรธรรมชาติและสิ่งแวดล้อม,
_c2568.
300 _a149 หน้า :
_bภาพประกอบ, ตาราง, แผนภูมิ ;
_c27 ซม
505 0 _aสารจากอธิบดี -- คณะผู้บริหารกรมการเปลี่ยนแปลงสภาพภูมิอากาศและสิ่งแวดล้อม -- บทสรุปผู้บริหาร -- Executive Summary -- ข้อมูลองค์กร -- ผลการปฏิบัติราชการ -- รายงานการเงิน ประจำปี 2567 กรมการเปลี่ยนแปลงสภาพภูมิอากาศและสิ่งแวดล้อม -- ภาคผนวก.
610 2 4 _aกรมการเปลี่ยนแปลงสภาพภูมิอากาศและสิ่งแวดล้อม
_xรายงานประจำปี
_y2567
_966559
856 4 0 _uhttps://www.dcce.go.th/media/6548/
942 _2local
_cGOV
996 _ajidapa.t
_bACQSTF
_c2025-09-03
996 _avaree.k
_bLIBSTF
_c2025-09-04
996 _ajamriang.p
_bCATSTF
_c2025-09-08
999 _c107171
_d107171
998 _j8
_k นายบัณฑิต อุทาวงค์